| Tag |
First Indicator |
Second Indicator |
Subfields |
| LEADER |
00000cam a2200000Ka 4500 |
| 001 |
in00001707021 |
| 005 |
20220106085747.0 |
| 006 |
m d f |
| 008 |
990913s1995 pau sb f000 0 eng d |
| 035 |
|
|
|a (OCoLC)ocm44374461
|
| 040 |
|
|
|a AWC
|b eng
|c AWC
|d OCLCQ
|d GPO
|d MvI
|
| 049 |
|
|
|a WWW
|
| 074 |
|
|
|a 0307-A-08 (online)
|
| 086 |
0 |
|
|a D 101.146:2002020849
|
| 088 |
|
|
|a AD-A286 802
|
| 088 |
|
|
|a AD-A323 842
|
| 100 |
1 |
|
|a Metz, Steven,
|d 1956-
|
| 245 |
1 |
0 |
|a Counterinsurgency :
|b strategy and the phoenix of American capability /
|c Steven Metz.
|
| 264 |
|
1 |
|a Carlisle Barracks, PA :
|b Strategic Studies Institute, U.S. Army War College,
|c [1995]
|
| 336 |
|
|
|a text
|b txt
|2 rdacontent
|
| 337 |
|
|
|a computer
|b c
|2 rdamedia
|
| 338 |
|
|
|a online resource
|b cr
|2 rdacarrier
|
| 500 |
|
|
|a "February 28, 1995."
|
| 500 |
|
|
|a Title from title screen.
|
| 504 |
|
|
|a Includes bibliographical references.
|
| 538 |
|
|
|a Mode of access: Internet from the SSI web site. Address as of 7/23/02: http://carlisle-www.army.mil/usassi/ssipubs/pubs95/cntrinsr/cntrinsr.pdf; current access is available via PURL.
|
| 538 |
|
|
|a System requirements: Adobe Acrobat Reader.
|
| 650 |
|
0 |
|a Counterinsurgency.
|
| 650 |
|
0 |
|a Guerrilla warfare.
|
| 650 |
|
0 |
|a Military planning
|z United States.
|
| 651 |
|
0 |
|a United States
|x Military policy.
|
| 710 |
2 |
|
|a Army War College (U.S.).
|b Strategic Studies Institute.
|
| 776 |
1 |
|
|a Metz, Steven, 1956-
|t Counterinsurgency
|h v, 39 p.
|w (DLC) 95144464
|w (OCoLC)32320299
|
| 856 |
4 |
0 |
|u https://purl.fdlp.gov/GPO/LPS20638
|t 0
|
| 856 |
4 |
0 |
|u https://purl.fdlp.gov/GPO/LPS20638
|t 0
|
| 999 |
f |
f |
|s 0a57f940-f8af-34f3-b174-c299b14a9398
|i 7951b3ea-aadd-3ea8-989d-5fe7ba46f409
|t 0
|
| 952 |
f |
f |
|a Texas A&M University
|b College Station
|c Electronic Resources
|d Available Online
|t 0
|e D 101.146:2002020849
|h Superintendent of Documents classification
|
| 998 |
f |
f |
|a D 101.146:2002020849
|t 0
|l Available Online
|